Quiz dos estados brasileiros - Pará - Statistics

Estatísticas Gerais
  • Esse quiz foi jogado 114 vezes
  • A pontuação média é 16 de 28
Estatísticas das Respostas
Dica Resposta % Correto
Capital Belém
99%
3 cidades mais populosas Belém
99%
Ilha na foz do rio Amazonas Marajó
82%
O estado é o maio produtor desse fruto roxo proveniente de palmeira açaí
72%
Produto que gerou um importante ciclo econômico no norte do país borracha
68%
3 cidades mais populosas Santarém
68%
Maior munícipio do país Altamira
67%
3 cidades mais populosas Ananindeua
67%
A ilha citada possui o maior rebanho desse animal no país bufalo
67%
Maior manifestação religiosa do país Círio de Nazaré
65%
O estado possui o maior índice de desmatamento desse bioma no país Amazônia
63%
Banda de brega paraense com o hit "A Lua Me Traiu" Calypso
63%
Cantora famosa por seu busto avantajado Fafá de Belém
63%
O estado é o maior produtor nacional dessa raiz comestível mandioca
60%
Local que foi o maior garimpo a céu aberto do mundo Serra Pelada
59%
Prato típico paraense que mistura uma ave com um líquido amarelo pato no tucupi
56%
Juntos esses 3 minério representam aprox. 86% das exportações do estado ferro
55%
Juntos esses 3 minério representam aprox. 86% das exportações do estado alumínio
48%
Rio que marca a fronteira com o Tocantins Araguaia
48%
Rio em que o mencionado desagua Tocantins
48%
Usina hidrelétrica de construção polêmica Belo Monte
46%
Revolta popular que chegou a decretar a independência do Pará cabanagem
41%
Gênero musical paraense carimbó
41%
Juntos esses 3 minério representam aprox. 86% das exportações do estado cobre
40%
Principais afluentes do rio Amazonas no estado Xingu
40%
Principais afluentes do rio Amazonas no estado Tapajós
33%
Segunda maior usina hidrelétrica 100% brasileira Tucuruí
33%
Artesanato famoso da ilha citada cerâmica
32%
Nenhum quiz correspondente encontrado
Distribuição das Pontuações
Porcentagem de Pessoas com Cada Pontuação
Percentil de Números Respondidos
Sua Pontuação Histórica
Você não jogou esse quiz